Loading...
An enchanting journey:Paresh Maity's Kerala
| Main Author: | |
|---|---|
| Format: | Printed Book |
| Subjects: |
| LEADER | 00480nam a22001337a 4500 | ||
|---|---|---|---|
| 020 | |a 9788190184472 | ||
| 082 | |a 338.4791 |b RAV/A | ||
| 100 | |a Ravi Shankar |9 179263 | ||
| 245 | |a An enchanting journey:Paresh Maity's Kerala | ||
| 300 | |a New Delhi |b Art Alive Gallery | ||
| 650 | |a Paintings - Tourism - Kerala |9 179264 | ||
| 942 | |c GB | ||
| 999 | |c 192013 |d 192009 | ||
| 952 | |0 0 |1 0 |4 0 |6 338_479100000000000_RAV_A |7 0 |8 G |9 192837 |a SMBS |b SMBS |d 2018-01-16 |l 0 |o 338.4791 RAV/A |p SMBSG1246 |r 2018-01-16 |w 2018-01-16 |y BK | ||